| 000 | 00358nam a2200145Ia 4500 | ||
|---|---|---|---|
| 008 | 230917s9999||||xx |||||||||||||| ||und|| | ||
| 040 |
_e135840 _aMAIN |
||
| 041 | _aEnglish | ||
| 082 | _a852.1 G763D | ||
| 100 | _aAlighieri, Dante | ||
| 245 | 0 | _aDivine comedy of Dante Alighieri | |
| 260 |
_aNew York _bRandom House _c1950 |
||
| 300 | _a625 p. | ||
| 942 | _cBK | ||
| 999 |
_c70241 _d70241 |
||